书目信息 |
| 题名: |
现代汉语参考资料
|
|
| 作者: | 胡裕树 主编 ;许宝华 , 严修 编 | |
| 分册: | 上册 | |
| 出版信息: | 上海 上海教育出版社 1980 |
|
| 页数: | 701页 | |
| 开本: | 21cm | |
| 丛书名: | ||
| 单 册: | ||
| 中图分类: | H109.4 , H1 | |
| 科图分类: | ||
| 主题词: | 汉语--现代--参考资料 | |
| 电子资源: | ||
| ISBN: | ||
| 000 | 00711nam0 2200253 450 | |
| 001 | 1561452037 | |
| 005 | 20150125170446.87 | |
| 010 | @dCNY2.60 | |
| 091 | @a7150.2328 | |
| 100 | @a19950525d1980 em y0chiy0110 ea | |
| 101 | 0 | @achi |
| 102 | @aCN@b310000 | |
| 105 | @ay z 000yy | |
| 200 | 1 | @a现代汉语参考资料@9xian dai han yu can kao zi liao@h上册@f胡裕树主编@g许宝华,严修编 |
| 210 | @a上海@c上海教育出版社@d1980 | |
| 215 | @a701页@d21cm | |
| 606 | 0 | @a汉语@z现代@x参考资料 |
| 690 | @aH109.4@v5 | |
| 690 | @aH1@v4 | |
| 701 | 0 | @a胡裕树@9hu yu shu@f(1918~2001.11)@4主编 |
| 702 | 0 | @a许宝华@9xu bao hua@4编 |
| 702 | 0 | @a严修@9yan xiu@4编 |
| 801 | 0 | @aCN@bTSSF@c20150125 |
| 905 | @aZUCC@dH1@eJY61:1 | |
| 现代汉语参考资料.上册/胡裕树主编/许宝华,严修编.-上海:上海教育出版社,1980 |
| 701页;21cm |
| ISBN :CNY2.60 |
| ● |
| 相关链接 |
|
|
|
|
正题名:现代汉语参考资料
索取号:H1/JY61:1
 
预约/预借
| 序号 | 登录号 | 条形码 | 馆藏地/架位号 | 状态 | 备注 |
| 1 | 7854273 | 278542739 | 学院路分馆/ [索取号:H1/JY61:1] | 在馆 |